000 00711nam a2200229Ia 4500
005 20260429112146.0
008 260429s9999||||xx |||||||||||||| ||und||
020 _a9781032561783
041 _aEnglish
082 _a338.4707
_bVAL
100 _aValiati, Leandro
245 0 _aPolitical economy of creative and cultural industries :
_bstitching perspectives for research, policy and practice /
_cLeandro Valiati
250 _a1st ed.
260 _aLondon :
_bRoutledge,
_c2025.
300 _avii, 254 p.; pbk
440 _aRoutledge research in the creative and cultural industries
650 _a Culture
650 _a Industries
650 _aEconomy
700 _aRentschler, Ruth
942 _cTB
999 _c52656
_d52656